Catalog

Record Details

Catalog Search



Available copies

  • 1 of 1 copy available at LARL/NWRL Consortium.

Current holds

0 current holds with 1 total copy.

Show All Copies
Location Call Number / Copy Notes Barcode Shelving Location Status Due Date
Roseau Public Library DVD MUR (Text) 35500006374787 Main Available -

Record details

  • Physical Description: 5 videodiscs (approximately 792 min.) : sound, ... Read More
  • Publisher: Silver Spring, MD : Acorn Media, [2017]

Content descriptions

General Note:
Title from container.
"Based on novels by Maureen Jennings"--Container.
Wide screen.
Bonus features include the Making Murdoch featurettes (41 min.).
Formatted Contents Note:
Disc 1. Episodes 1-4 -- disc 2. Episodes 5-8 -- ... Read More
Participant or Performer Note:
Yannick Bisson, Hélène Joy, Jonny Harris, Thomas ... Read More
Date/Time and Place of an Event Note:
Originally broadcast as 18 single episodes of the ... Read More
Summary, etc.:
Follow the continuing professional and personal ... Read More
Target Audience Note:
Rating: Not rated; "Contains disturbing images and ... Read More
System Details Note:
DVD; NTSC, region 1; 16:9 widescreen; 5.1 Dolby ... Read More
Language Note:
In English; optional English SDH subtitles.
Subject: Murdoch, William (Fictitious character) > Drama.
Murder > Investigation > Ontario > Toronto > Drama.
Women pathologists > Ontario > Toronto > Drama.
Constables > Ontario > Toronto > Drama.
Forensic sciences > Ontario > Toronto > Drama.
Police > Ontario > Toronto > Drama.
Forensic sciences > 19th century > Drama.
Criminal investigation > Ontario > Toronto > Drama.
Constables.
Criminal investigation.
Forensic sciences
Murder > Investigation.
Murdoch, William (Fictitious character)
Police.
Women pathologists
Ontario > Toronto.
Genre: Detective and mystery television programs.
Television cop shows.
Historical television programs.
Fiction television programs.
Television series.
Video recordings for the hearing impaired.
Detective and mystery television programs.
Drama.
Fiction television programs.
Historical television programs.
Television cop shows.
Television series.
Video recordings for the hearing impaired.
LDR 04571cgm a2200997Ii 4500
001262962
003LARL_NWRL_CONSORTIUM
00520170817205127.0
008170705s2017 mdu792 vleng d
007vd cvaizq
040 . ‡aJBL ‡beng ‡erda ‡cJBL ‡dJBL ‡dTEF ‡dOCLCQ ‡dOQX ‡dOCLCF ‡dIH9 ‡dINO ‡dOCP
02410. ‡a054961256990
02841. ‡aAMP-2569 ‡bAcorn Media
035 . ‡a(OCoLC)992807016
0411 . ‡aeng ‡jeng ‡heng
043 . ‡an-cn-on
08204. ‡a791.4575 ‡223
1300 . ‡aMurdoch mysteries (Television program). ‡nSeason 10.
24510. ‡aMurdoch mysteries. ‡nSeason 10 / ‡ca Shaftesbury production ; ITV Studios Global Entertainment.
2461 . ‡iBroadcast on Ovation as: ‡aArtful detective. ‡nSeason 10
2463 . ‡aMurdoch mysteries. ‡nTenth season
2463 . ‡aMurdoch mysteries. ‡n10th season
257 . ‡aCanada ‡2naf
264 1. ‡aSilver Spring, MD : ‡bAcorn Media, ‡c[2017]
264 4. ‡c©2017
300 . ‡a5 videodiscs (approximately 792 min.) : ‡bsound, color ; ‡c4 3/4 in.
336 . ‡atwo-dimensional moving image ‡btdi ‡2rdacontent
337 . ‡avideo ‡bv ‡2rdamedia
338 . ‡avideodisc ‡bvd ‡2rdacarrier
344 . ‡adigital ‡boptical ‡gsurround ‡h5.1 Dolby Digital ‡2rda
346 . ‡bNTSC ‡2rda
347 . ‡avideo file ‡bDVD video ‡2rda
380 . ‡aTelevision program.
4900 . ‡aMurdoch mysteries ; ‡vSeason 10
538 . ‡aDVD; NTSC, region 1; 16:9 widescreen; 5.1 Dolby Digital.
546 . ‡aIn English; optional English SDH subtitles.
500 . ‡aTitle from container.
5111 . ‡aYannick Bisson, Hélène Joy, Jonny Harris, Thomas Craig, Mouna Traoré.
500 . ‡a"Based on novels by Maureen Jennings"--Container.
518 . ‡aOriginally broadcast as 18 single episodes of the mystery television program in 2016-2017.
500 . ‡aWide screen.
5218 . ‡aRating: Not rated; "Contains disturbing images and sexual situations"--Container.
520 . ‡aFollow the continuing professional and personal challenges of Detective William Murdoch and his friends, set in Edwardian-era Toronto.
500 . ‡aBonus features include the Making Murdoch featurettes (41 min.).
5051 . ‡aDisc 1. Episodes 1-4 -- disc 2. Episodes 5-8 -- disc 3. Episodes 9-12 -- disc 4. Episodes 13-15 -- disc 5. Episodes 16-18.
650 0. ‡aMurdoch, William (Fictitious character) ‡vDrama.
650 0. ‡aMurder ‡xInvestigation ‡zOntario ‡zToronto ‡vDrama.
650 0. ‡aWomen pathologists ‡zOntario ‡zToronto ‡vDrama.
650 0. ‡aConstables ‡zOntario ‡zToronto ‡vDrama.
650 0. ‡aForensic sciences ‡zOntario ‡zToronto ‡vDrama.
650 0. ‡aPolice ‡zOntario ‡zToronto ‡vDrama.
650 0. ‡aForensic sciences ‡y19th century ‡vDrama.
650 0. ‡aCriminal investigation ‡zOntario ‡zToronto ‡vDrama.
650 7. ‡aConstables. ‡2fast
650 7. ‡aCriminal investigation. ‡2fast ‡0(LARL_NWRL_CONSORTIUM)18015
650 7. ‡2fast ‡aForensic sciences ‡0(LARL_NWRL_CONSORTIUM)178940
650 7. ‡aMurder ‡xInvestigation. ‡2fast ‡0(LARL_NWRL_CONSORTIUM)26286
650 7. ‡aMurdoch, William (Fictitious character) ‡2fast
650 7. ‡aPolice. ‡2fast ‡0(LARL_NWRL_CONSORTIUM)177863
650 7. ‡2fast ‡aWomen pathologists ‡0(LARL_NWRL_CONSORTIUM)40505
651 7. ‡aOntario ‡zToronto. ‡2fast
648 7. ‡a1800-1899 ‡2fast
655 7. ‡aDetective and mystery television programs. ‡2lcgft ‡0(LARL_NWRL_CONSORTIUM)175785
655 7. ‡aTelevision cop shows. ‡2lcgft ‡0(LARL_NWRL_CONSORTIUM)175782
655 7. ‡aHistorical television programs. ‡2lcgft ‡0(LARL_NWRL_CONSORTIUM)175692
655 7. ‡aFiction television programs. ‡2lcgft ‡0(LARL_NWRL_CONSORTIUM)175627
655 7. ‡aTelevision series. ‡2lcgft ‡0(LARL_NWRL_CONSORTIUM)175797
655 7. ‡aVideo recordings for the hearing impaired. ‡2lcgft ‡0(LARL_NWRL_CONSORTIUM)175744
655 7. ‡aDetective and mystery television programs. ‡2fast ‡0(LARL_NWRL_CONSORTIUM)175785
655 7. ‡aDrama. ‡2fast
655 7. ‡aFiction television programs. ‡2fast ‡0(LARL_NWRL_CONSORTIUM)175627
655 7. ‡aHistorical television programs. ‡2fast ‡0(LARL_NWRL_CONSORTIUM)175692
655 7. ‡aTelevision cop shows. ‡2fast ‡0(LARL_NWRL_CONSORTIUM)175782
655 7. ‡aTelevision series. ‡2fast ‡0(LARL_NWRL_CONSORTIUM)175797
655 7. ‡aVideo recordings for the hearing impaired. ‡2fast ‡0(LARL_NWRL_CONSORTIUM)175744
7001 . ‡aBisson, Yannick, ‡d1969- ‡eactor. ‡0(LARL_NWRL_CONSORTIUM)220447
7001 . ‡aJoy, Helene, ‡eactor.
7001 . ‡aHarris, Jonny, ‡eactor.
7001 . ‡aCraig, Tom, ‡d1962- ‡eactor.
7001 . ‡aTraoré, Mouna, ‡eactor.
7102 . ‡aShaftesbury Films, ‡eproduction company.
7102 . ‡aITV Global Entertainment, ‡eproduction company. ‡0(LARL_NWRL_CONSORTIUM)217003
7102 . ‡aAcorn Media (Firm), ‡epublisher. ‡0(LARL_NWRL_CONSORTIUM)151261
901 . ‡a262962 ‡bOCoLC ‡c262962 ‡tbiblio ‡soclc

Additional Resources